000 00411nab a2200145Ia 4500
003 ES-SlBCS
005 20210601130759.0
008 140529s1985 xxu||||| |||| 00| 0 fre d
041 _afre
100 1 _aSejourné, François
_9177133
245 0 2 _aA pied... à Compostelle
_c François Sejourné
651 4 _aSantiago de Compostela
_986283
773 0 _tPrier
_gnº. 73, 1985, págs. 5-7
_wRev1453
942 _cAR
999 _c552260
_d552260